Vplyv zmeny výpočtu príspevkov do Fondu ochrany vkladov na finančnú situáciu bánk v Slovenskej republike

Fond ochrany vkladov - právnická osoba, ktorá vznikla 10. októbra 1996 na základe zákona NR SR č. 118/1996 Z. z. o ochrane vkladov a o zmene a doplnení niektorých zákonov. Účastníci systému ochrany vkladov v Slovenskej republike. Chránené a nechránené vklady. Náhrada za nedostupný vklad. Príspevky b...

Description complète

Enregistré dans:
Détails bibliographiques
Auteur principal: Kadlečíková, Oľga, 1973-
Format: Chapitre de livre
Langue:slovaque
Sujets:
Tags: Ajouter un tag
Pas de tags, Soyez le premier à ajouter un tag!

MARC

LEADER 00000naa$a2200000$$$4500
001 0250211
005 20240502074016.6
041 0 |a slo 
044 |a SK 
245 1 0 |a Vplyv zmeny výpočtu príspevkov do Fondu ochrany vkladov na finančnú situáciu bánk v Slovenskej republike  |c Oľga Kadlečíková 
520 |a Fond ochrany vkladov - právnická osoba, ktorá vznikla 10. októbra 1996 na základe zákona NR SR č. 118/1996 Z. z. o ochrane vkladov a o zmene a doplnení niektorých zákonov. Účastníci systému ochrany vkladov v Slovenskej republike. Chránené a nechránené vklady. Náhrada za nedostupný vklad. Príspevky bánk do Fondu ochrany vkladov. 
610 2 0 |a banky 
610 2 0 |a vklady 
610 2 0 |a ochrana vkladov 
610 2 0 |a legislatíva 
610 2 0 |a Slovensko 
100 1 |a Kadlečíková, Oľga, 1973-